|
|
|
|
| LEADER |
00951nam a2200253 a 4500 |
| 001 |
12112789 |
| 008 |
100328s2000 nyua bf 001 0 eng d |
| 010 |
|
|
|a \\\00698140
|
| 040 |
|
|
|a DCU
|c DCU
|d DLC
|d BD-DhAAL
|
| 082 |
0 |
0 |
|a 004.6
|2 21
|
| 020 |
|
|
|a 0070402345
|
| 020 |
|
|
|a 0071354514
|
| 100 |
1 |
|
|a Taylor, Ed,
|d 1958-
|
| 245 |
1 |
0 |
|a Networking handbook /
|c Ed Taylor.
|
| 260 |
|
|
|a New York ;
|a New Delhi :
|b McGraw-Hill,
|c c2000.
|
| 300 |
|
|
|a xxv, 879 p. :
|b ill. ;
|c 24 cm.
|
| 500 |
|
|
|a Computer disc in pocket.
|
| 504 |
|
|
|a Includes bibliographical references (p. [853]-860) and index.
|
| 541 |
1 |
|
|e 00007743
|
| 650 |
|
0 |
|a Computer networks.
|
| 650 |
|
0 |
|a Internetworking (Telecommunication)
|v Handbooks, manuals, etc.
|
| 852 |
4 |
|
|a Ayesha Abed Library
|j General Shelf
|
| 999 |
|
|
|c 7895
|d 7895
|
| 952 |
|
|
|0 0
|1 0
|2 ddc
|4 0
|6 004_600000000000000_TAY_2000
|7 0
|9 8834
|a BRACUL
|b BRACUL
|c GEN
|d 2010-03-28
|l 4
|m 6
|o 004.6 TAY
|p 3010007743
|r 2026-01-12
|s 2026-01-09
|t 1
|w 2010-03-28
|y BK
|